[Event "Tournoi Skype 010"]
[Site "Skype"]
[Date "????.??.??"]
[Round "6.36"]
[White "Briere, Jean"]
[Black "Tamditi, Ibrahim"]
[Result "1-0"]
[WhiteElo "1465"]
[BlackElo "1209"]
[PlyCount "107"]

1. e4 e5 2. Nf3 Nc6 3. d4 Be7 4. dxe5 d6 5. exd6 Qxd6 6. Qxd6 Bxd6 7. Bb5 Bd7
8. Nc3 Rd8 9. Be3 a6 10. Bxc6 Bxc6 11. a3 Nf6 12. e5 Bxf3 13. gxf3 Bxe5 14. Rg1
O-O 15. Rb1 Bxh2 16. Rg2 Be5 17. Ke2 Rfe8 18. Rbg1 g6 19. f4 Bxf4 20. Na4 Bd6
21. c4 Nh5 22. Kf3 Be5 23. Rg5 Bf6 24. Rxh5 b5 25. cxb5 axb5 26. Rxb5 Rb8 27.
Rxb8 Rxb8 28. b4 Ra8 29. Nc5 Rxa3 30. Rc1 Be7 31. Kg2 h5 32. Re1 h4 33. Bc1 h3+
34. Kh1 Rc3 35. Rxe7 Rxc1+ 36. Kh2 Rc3 37. Rxc7 g5 38. Re7 g4 39. Ne4 Rc4 40.
b5 Rb4 41. Re5 Rb2 42. Nf6+ Kg7 43. Nxg4 f6 44. Rf5 Kg6 45. Ne3 Kf7 46. Kxh3
Rb3 47. Kg4 Kg6 48. Kf4 Rb4+ 49. Kg3 Rb3 50. Kg2 Rxe3 51. fxe3 Kxf5 52. b6 Ke6
53. b7 Kd7 54. b8=Q 1-0

[Event "Tournoi Skype 010"]
[Site "Skype"]
[Date "????.??.??"]
[Round "6.37"]
[White "Blaevoet, Rebecca"]
[Black "Meaney, Mike"]
[Result "0-1"]
[WhiteElo "1172"]
[BlackElo "1650"]
[PlyCount "34"]

1. c4 e5 2. b3 d6 3. Bb2 Nf6 4. e4 Nc6 5. d3 Be7 6. Nf3 b6 7. Be2 Be6 8. Nc3
Qd7 9. O-O Bg4 10. h3 Bxh3 11. Nh4 Bg4 12. Qc2 Nd4 13. Bxg4 Qxg4 14. Qb1 Qxh4
15. Re1 Ng4 16. Nd1 Qh2+ 17. Kf1 Qh1# 0-1

[Event "Tournoi Skype 010"]
[Site "Skype"]
[Date "????.??.??"]
[Round "6.38"]
[White "Antonic, Nenad"]
[Black "Rival, Jocelyn"]
[Result "1-0"]
[WhiteElo "1488"]
[BlackElo "1155"]
[PlyCount "97"]

1. d4 d5 2. Nf3 e6 3. e3 Nf6 4. Bd3 Nc6 5. c3 Bd6 6. O-O e5 7. dxe5 Nxe5 8.
Nxe5 Bxe5 9. Nd2 c6 10. Re1 O-O 11. e4 Qb6 12. Nf3 Bg4 13. exd5 Rfe8 14. dxc6
Qxc6 15. Be2 h6 16. Nxe5 Qe6 17. Bd2 Rad8 18. Bc4 Bxd1 19. Bxe6 Rxe6 20. Raxd1
Nd7 21. Nxd7 Rxd7 22. Be3 Rxd1 23. Rxd1 Ra6 24. a3 b6 25. Bxb6 axb6 26. Rd8+
Kh7 27. Rd7 Kg6 28. Rb7 b5 29. Rxb5 Re6 30. Kf1 Kf6 31. Rd5 Re5 32. Rxe5 Kxe5
33. Ke2 f5 34. f3 g5 35. g3 h5 36. h3 Kd5 37. b3 h4 38. gxh4 gxh4 39. Ke3 Ke5
40. f4+ Kd5 41. Kd3 Kc5 42. a4 Kb6 43. Kd4 Kc6 44. b4 Kb6 45. Kd5 Ka6 46. c4
Kb6 47. Ke5 Ka6 48. Kxf5 Kb6 49. Ke6 1-0

[Event "Tournoi Skype 010"]
[Site "Skype"]
[Date "????.??.??"]
[Round "6.39"]
[White "Capdeville, Bastien"]
[Black "Gagnon, Sindy"]
[Result "1-0"]
[WhiteElo "1399"]
[BlackElo "1077"]
[PlyCount "71"]

1. e4 e5 2. Nf3 d6 3. Bb5+ Bd7 4. Bxd7+ Nxd7 5. d3 Ngf6 6. Bg5 Be7 7. Bxf6 Bxf6
8. c4 O-O 9. Nc3 Qe7 10. Qa4 a6 11. Nd5 Qd8 12. Nxf6+ Nxf6 13. Rc1 Rb8 14. c5
b5 15. Qxa6 Ra8 16. Qxb5 Rxa2 17. d4 c6 18. Qb6 Qd7 19. O-O exd4 20. Nxd4 Nxe4
21. Ra1 Rxa1 22. Rxa1 Re8 23. Ra7 Qg4 24. h3 Qh4 25. cxd6 Nd2 26. Re7 Kf8 27.
Rxe8+ Kxe8 28. Qb8+ Kd7 29. Qc7+ Ke8 30. Qxc6+ Kd8 31. Qc2 Nf3+ 32. Nxf3 Qb4
33. Ne1 Qxe1+ 34. Kh2 h5 35. Qc7+ Ke8 36. Qc8# 1-0

[Event "Tournoi Skype 010"]
[Site "Skype"]
[Date "????.??.??"]
[Round "6.40"]
[White "Baker, Abi"]
[Black "Talbot, Jean"]
[Result "1-0"]
[WhiteElo "1062"]
[BlackElo "1399"]
[PlyCount "57"]

1. c4 e5 2. e4 Nf6 3. d3 Bb4+ 4. Bd2 Nc6 5. a3 Ba5 6. b4 Bb6 7. c5 d5 8. Nc3
dxe4 9. Nxe4 Bg4 10. Ne2 Nxe4 11. dxe4 Nd4 12. Qa4+ Qd7 13. Qxd7+ Kxd7 14. Nxd4
exd4 15. cxb6 cxb6 16. Bb5+ Kd6 17. Bf4+ Ke6 18. Rc1 Rhc8 19. Bc4+ Kf6 20. e5+
Kf5 21. h3 Kxf4 22. hxg4 h6 23. e6 Re8 24. Rh5 fxe6 25. Bb5 Re7 26. Rc4 e5 27.
f3 a6 28. Kf2 axb5 29. g3# 1-0

[Event "Tournoi Skype 010"]
[Site "Skype"]
[Date "????.??.??"]
[Round "6.41"]
[White "Coude, Josue"]
[Black "Vervoort, Jean-Louis"]
[Result "0-1"]
[WhiteElo "1146"]
[BlackElo "1269"]
[PlyCount "58"]

1. e4 d5 2. d3 dxe4 3. dxe4 Qxd1+ 4. Kxd1 e5 5. Nf3 Nc6 6. Bb5 Nf6 7. Nc3 Bd6
8. Be3 O-O 9. Ke2 Bg4 10. h3 Bh5 11. g4 Bg6 12. Bd3 Rfd8 13. Rhd1 Bb4 14. g5
Bxc3 15. bxc3 Nxe4 16. Bxe4 Bxe4 17. Ne1 b5 18. f3 Bd5 19. f4 e4 20. Ng2 Bc4+
21. Kf2 b4 22. cxb4 Nxb4 23. Ne1 Nxa2 24. Rd4 Rxd4 25. Bxd4 a5 26. h4 Rd8 27.
Be5 c5 28. Bc7 Rd2+ 29. Ke3 Re2# 0-1

[Event "Tournoi Skype 010"]
[Site "Skype"]
[Date "????.??.??"]
[Round "7.2"]
[White "Hervais, Adrien"]
[Black "Jacquelin, Norbert"]
[Result "1-0"]
[WhiteElo "2038"]
[BlackElo "1810"]
[PlyCount "115"]

1. e4 e5 2. Nc3 Nf6 3. f4 d5 4. fxe5 Nxe4 5. d3 Nxc3 6. bxc3 d4 7. Nf3 Nc6 8.
Be2 Be7 9. O-O O-O 10. Qe1 Be6 11. Qg3 Kh8 12. Ng5 Bxg5 13. Bxg5 Qd7 14. Bf3
Bd5 15. c4 Bxf3 16. Rxf3 Rae8 17. Re1 Re6 18. Re4 Rg6 19. Rh4 Qe6 20. Qh3 Qxh3
21. Rfxh3 h6 22. Bd2 Re8 23. Rf4 Kg8 24. Rh5 Nxe5 25. Rhf5 c5 26. Kf1 f6 27.
Re4 Kf7 28. Bf4 Nd7 29. Rd5 Rxe4 30. dxe4 Ke6 31. h3 b6 32. Rd6+ Ke7 33. Rc6 h5
34. Rc7 a5 35. Rc6 Kf7 36. Kf2 f5 37. Rc7 Ke8 38. exf5 Rf6 39. g4 hxg4 40. hxg4
Rf7 41. Rc8+ Ke7 42. Kf3 Rf8 43. Rxf8 Kxf8 44. Bd6+ Kf7 45. g5 a4 46. Ke4 Ke8
47. Kd5 a3 48. Ke6 b5 49. cxb5 c4 50. Bxa3 d3 51. cxd3 cxd3 52. Bb4 Nc5+ 53.
Bxc5 d2 54. f6 gxf6 55. gxf6 d1=Q 56. f7+ Kd8 57. f8=Q+ Kc7 58. Qd6+ 1-0

[Event "Tournoi Skype 010"]
[Site "Skype"]
[Date "????.??.??"]
[Round "7.3"]
[White "Plourde, Alain"]
[Black "Auger, Bertrand"]
[Result "0-1"]
[WhiteElo "1820"]
[BlackElo "1991"]
[PlyCount "96"]

1. d4 Nf6 2. c4 e6 3. Nf3 b6 4. g3 Ba6 5. Qc2 Bb7 6. Bg2 c5 7. O-O Nc6 8. e3
Rc8 9. Nc3 cxd4 10. exd4 d5 11. Qa4 Be7 12. Ne5 O-O 13. cxd5 Nxd5 14. Nxd5 exd5
15. Be3 Bf6 16. Nxc6 Bxc6 17. Qd1 Qd7 18. Re1 Be7 19. Bf3 Bb4 20. Bd2 Bd6 21.
Bg4 f5 22. Bh3 g6 23. f4 Rfe8 24. Bg2 Rxe1+ 25. Bxe1 Re8 26. Bd2 Bf8 27. Bf3
Bg7 28. Bc3 Re3 29. Kf2 Re8 30. Qd2 Kf7 31. Re1 Re4 32. Bxe4 fxe4 33. Qe3 Bf6
34. h4 h5 35. Kg2 Qf5 36. Qe2 Qd7 37. Qe3 Bb7 38. b3 Bc8 39. Rh1 Qb5 40. Kf2
Bg4 41. Re1 Bf3 42. Kg1 Qd7 43. Kh2 Qg4 44. Bb2 Bxh4 45. Rg1 Be7 46. Bc3 Bd6
47. Be1 g5 48. fxg5 Qh4# 0-1

[Event "Tournoi Skype 010"]
[Site "Skype"]
[Date "????.??.??"]
[Round "7.4"]
[White "Ayotte, Jocelyn"]
[Black "Hilton, Stephen"]
[Result "1-0"]
[WhiteElo "2067"]
[BlackElo "1937"]
[PlyCount "63"]

1. d4 Nf6 2. c4 g6 3. Nc3 d5 4. Nf3 Bg7 5. g3 O-O 6. Bg2 c6 7. O-O Nbd7 8. Qb3
dxc4 9. Qxc4 Nb6 10. Qd3 Be6 11. Rd1 Qc8 12. b3 Nbd5 13. Ba3 Nxc3 14. Qxc3 Re8
15. Ne5 Nd5 16. Qc2 Bh3 17. Bh1 f6 18. Nd3 Be6 19. e4 Nc7 20. Rac1 Nb5 21. Bb2
Bf7 22. Qc5 Bf8 23. e5 e6 24. Qc2 Rd8 25. Nc5 fxe5 26. dxe5 Rxd1+ 27. Rxd1 Bxc5
28. Qxc5 Qf8 29. Qxf8+ Kxf8 30. Rd7 Rb8 31. a4 Ke8 32. Rxb7 1-0

[Event "Tournoi Skype 010"]
[Site "Skype"]
[Date "????.??.??"]
[Round "7.5"]
[White "Parmar, Manoj"]
[Black "Deville, Olivier"]
[Result "0-1"]
[WhiteElo "1483"]
[BlackElo "1951"]
[PlyCount "128"]

1. d4 Nf6 2. Nf3 e6 3. Bf4 b6 4. e3 Bb7 5. Be2 Be7 6. h3 O-O 7. O-O c5 8. c3 d6
9. Nbd2 Qc7 10. Rc1 Nbd7 11. Qb3 Rac8 12. Bc4 Bd5 13. Bxd5 exd5 14. c4 Qb7 15.
cxd5 Nxd5 16. Bh2 cxd4 17. exd4 N7f6 18. Rfe1 Nh5 19. Rxc8 Rxc8 20. Nc4 Qc6 21.
Nfd2 Ndf4 22. Qf3 Qxf3 23. Nxf3 Kf8 24. Ne3 Nd3 25. Rb1 Nhf4 26. Bxf4 Nxf4 27.
Nf5 Rc2 28. Re1 Nd5 29. Rb1 g6 30. Nxe7 Kxe7 31. Kf1 Nb4 32. Ne1 Rc4 33. a3 Nc6
34. d5 Nd4 35. Nd3 Nb3 36. Re1+ Kf6 37. Re3 Rd4 38. Kg1 Nd2 39. Nb4 a5 40. Rd3
Rxd3 41. Nxd3 Ne4 42. Kf1 Nc5 43. Ke2 b5 44. Ke3 Nxd3 45. Kxd3 Ke5 46. a4 bxa4
47. Kc4 a3 48. bxa3 f5 49. a4 f4 50. Kb5 Kxd5 51. Kxa5 Kc5 52. Ka6 d5 53. a5 d4
54. Kb7 d3 55. a6 d2 56. a7 d1=Q 57. a8=Q Qd5+ 58. Ka7 Qxa8+ 59. Kxa8 Kd4 60.
Kb7 Kd3 61. Kc6 Ke2 62. Kd5 Kxf2 63. Ke4 g5 64. h4 Kxg2 0-1

[Event "Tournoi Skype 010"]
[Site "Skype"]
[Date "????.??.??"]
[Round "7.6"]
[White "Megelas, Florent"]
[Black "Catherine, Bertrand"]
[Result "0-1"]
[WhiteElo "1711"]
[BlackElo "1909"]
[PlyCount "66"]

1. e4 c5 2. Nf3 Nc6 3. d4 cxd4 4. Nxd4 e5 5. Nb5 d6 6. N1c3 a6 7. Na3 b5 8. Nd5
Nge7 9. Be3 Nxd5 10. Qxd5 Bb7 11. O-O-O Qc7 12. Be2 Nd4 13. Qxb7 Qxb7 14. Bxd4
exd4 15. Rxd4 Be7 16. Nb1 O-O 17. Bf3 Qc7 18. Rhd1 Rac8 19. c3 b4 20. Rxb4 d5
21. Ra4 Bg5+ 22. Nd2 Qc6 23. Rd4 dxe4 24. Bxe4 Qb6 25. Rd3 Rfd8 26. Rf3 Rxd2
27. Rxd2 Bxd2+ 28. Kxd2 Qxb2+ 29. Bc2 Rd8+ 30. Rd3 Rxd3+ 31. Kxd3 Qxa2 32. c4
a5 33. Kc3 Qa3+ 0-1

[Event "Tournoi Skype 010"]
[Site "Skype"]
[Date "????.??.??"]
[Round "7.7"]
[White "Kumar Pradhan, Soundarya"]
[Black "Meyer, Eric"]
[Result "1-0"]
[WhiteElo "1570"]
[BlackElo "1646"]
[PlyCount "95"]

1. d4 Nf6 2. c4 g6 3. Nc3 Bg7 4. e4 d6 5. f4 O-O 6. Nf3 c5 7. d5 Nbd7 8. Bd3
Qc7 9. O-O a6 10. a4 Rd8 11. Qe2 Nf8 12. Bd2 e6 13. e5 Ne8 14. dxe6 Bxe6 15.
Kh1 Qb6 16. a5 Qc6 17. Be4 Qd7 18. Nd5 Bxd5 19. cxd5 Qc7 20. Bc3 Rab8 21. Qc2
f5 22. Bd3 dxe5 23. fxe5 Rxd5 24. Bc4 Rbd8 25. Qb3 Qc6 26. Rad1 Nc7 27. Rxd5
Nxd5 28. Rd1 Kh8 29. Bxd5 Qc7 30. Ng5 Rd7 31. Nf7+ Kg8 32. Nd6+ Kh8 33. Qxb7
Qxb7 34. Bxb7 Ne6 35. Bc8 Re7 36. Bxe6 Rxe6 37. Nxf5 h5 38. Nxg7 Kxg7 39. Rd7+
Kf8 40. Rd6 Kf7 41. h4 Rxd6 42. exd6 Ke6 43. Be5 c4 44. Kg1 Kd7 45. Kf2 Ke6 46.
Ke3 Kd7 47. Kf4 Ke6 48. Kg5 1-0

[Event "Tournoi Skype 010"]
[Site "Skype"]
[Date "????.??.??"]
[Round "7.8"]
[White "De Coninck, Philippe"]
[Black "Casey, Eamonn"]
[Result "0-1"]
[WhiteElo "1510"]
[BlackElo "1642"]
[PlyCount "64"]

1. e4 e6 2. d4 d5 3. e5 c5 4. Nf3 Ne7 5. c3 Nbc6 6. Bd3 cxd4 7. cxd4 Qb6 8. O-O
Nb4 9. a3 Nxd3 10. Qxd3 Bd7 11. Nc3 Nf5 12. g4 Ne7 13. Qc2 Rc8 14. Rd1 Ng6 15.
Qe2 Be7 16. Be3 O-O 17. Kg2 Qd8 18. Qd2 Nh4+ 19. Nxh4 Bxh4 20. f4 Be7 21. Rh1
f6 22. Bf2 fxe5 23. dxe5 Bc6 24. Rhd1 d4+ 25. Kg1 dxc3 26. Qxc3 Qc7 27. Rd4 b6
28. Rc4 b5 29. Rd4 Bd5 30. Qxc7 Rxc7 31. Rad1 Bc5 32. R4d2 Rxf4 0-1

[Event "Tournoi Skype 010"]
[Site "Skype"]
[Date "????.??.??"]
[Round "7.9"]
[White "Galani, Mahendra"]
[Black "De Leener, Luc"]
[Result "0-1"]
[WhiteElo "1491"]
[BlackElo "1607"]
[PlyCount "88"]

1. e4 c5 2. Bc4 Nc6 3. Nf3 d6 4. c3 Nf6 5. d3 Bg4 6. h3 Bxf3 7. Qxf3 Ne5 8.
Bb5+ Nfd7 9. Qd1 a6 10. Ba4 b5 11. Bc2 e6 12. d4 cxd4 13. cxd4 Ng6 14. Nc3 Be7
15. Bd2 Rc8 16. Ne2 e5 17. d5 O-O 18. Ng3 Nh4 19. O-O Nc5 20. Qg4 Nd7 21. Bd1
Ng6 22. Nh5 Nf6 23. Nxf6+ Bxf6 24. Qh5 Rc4 25. Re1 Nf4 26. Bxf4 exf4 27. Bb3
Rd4 28. Rab1 Rd2 29. Re2 Rxe2 30. Qxe2 Be5 31. Rc1 Qf6 32. f3 Bd4+ 33. Kh1 Bc5
34. Bd1 Qd4 35. Bb3 Qe3 36. Qd1 Re8 37. Rc3 Qf2 38. Rc2 Qg3 39. Qa1 Re5 40. a4
b4 41. Bc4 Rh5 42. Bf1 a5 43. b3 Rxh3+ 44. gxh3 Qg1# 0-1

[Event "Tournoi Skype 010"]
[Site "Skype"]
[Date "????.??.??"]
[Round "7.10"]
[White "Mulrooney, Justin"]
[Black "Janssen, Gerard"]
[Result "0-1"]
[WhiteElo "1300"]
[BlackElo "1602"]
[PlyCount "68"]

1. d4 d5 2. c4 e6 3. Nc3 Nf6 4. Nf3 c5 5. e3 Nc6 6. Be2 cxd4 7. Nxd4 Bc5 8.
Nxc6 bxc6 9. cxd5 Nxd5 10. O-O O-O 11. Qa4 Qc7 12. Rd1 Bd6 13. Ne4 Bxh2+ 14.
Kf1 Be5 15. Rb1 a5 16. Ng5 h6 17. Nf3 Bf6 18. Qe4 Ba6 19. Nd4 Bxe2+ 20. Kxe2
Qb6 21. a3 c5 22. Nf3 Qb5+ 23. Qd3 c4 24. Qc2 a4 25. Nd4 Qa6 26. Kf1 Rfc8 27.
Kg1 c3 28. b3 axb3 29. Qxb3 Qd6 30. Nc2 Qe5 31. f4 Qh5 32. Rf1 Be7 33. e4 Bc5+
34. Ne3 Nxe3 0-1

[Event "Tournoi Skype 010"]
[Site "Skype"]
[Date "????.??.??"]
[Round "7.11"]
[White "Trivedi, Viral"]
[Black "Gieschen, Mike"]
[Result "1-0"]
[WhiteElo "1581"]
[BlackElo "1399"]
[PlyCount "41"]

1. e4 c5 2. Nf3 d6 3. d4 cxd4 4. Nxd4 e5 5. Nf3 Nc6 6. Bb5 Bd7 7. Nc3 Nf6 8.
Nd5 Nd4 9. Bxd7+ Nxd7 10. Bg5 Nxf3+ 11. Qxf3 Qxg5 12. Nc7+ Kd8 13. Nxa8 Be7 14.
O-O h5 15. Qe3 Qg6 16. Qxa7 Kc8 17. Nb6+ Nxb6 18. Qxb6 h4 19. h3 Qxe4 20. Qe3
Qxc2 21. Rac1 1-0

[Event "Tournoi Skype 010"]
[Site "Skype"]
[Date "????.??.??"]
[Round "7.12"]
[White "Lambert, Pierre"]
[Black "Porcabeuf, Jean-Marc"]
[Result "1-0"]
[WhiteElo "1913"]
[BlackElo "1291"]
[PlyCount "65"]

1. e4 e6 2. d4 d5 3. e5 c5 4. c3 Ne7 5. Bd3 Ng6 6. a3 Be7 7. Nf3 O-O 8. O-O b6
9. Qe2 a6 10. Be3 Bb7 11. b3 Nd7 12. Re1 f6 13. Bxg6 hxg6 14. Nh4 fxe5 15. Nxg6
Rf6 16. Nxe7+ Qxe7 17. Bg5 Raf8 18. dxe5 Nxe5 19. Qxe5 d4 20. Bxf6 Rxf6 21. Ra2
Rg6 22. g3 Qf7 23. Nd2 dxc3 24. Ne4 Qf3 25. Qb8+ Kh7 26. Qxb7 Qd3 27. Qe7 c2
28. Ng5+ Kh6 29. Nf7+ Kh7 30. Qh4+ Rh6 31. Ng5+ Kg8 32. Qe4 Qd2 33. Qa8+ 1-0

[Event "Tournoi Skype 010"]
[Site "Skype"]
[Date "????.??.??"]
[Round "7.14"]
[White "Sharma, Mayank"]
[Black "Engstrom, Olle"]
[Result "1/2-1/2"]
[WhiteElo "1676"]
[BlackElo "1590"]
[PlyCount "92"]

1. e4 c5 2. Nf3 Nc6 3. d4 cxd4 4. Nxd4 Nf6 5. Nc3 e5 6. Nf5 d5 7. Bg5 Bxf5 8.
exf5 Bb4 9. Bb5 d4 10. Bxc6+ bxc6 11. Qf3 Qd5 12. Qe2 dxc3 13. O-O cxb2 14.
Rab1 Bc3 15. Rfd1 Qxa2 16. Bxf6 gxf6 17. Qf3 Qc4 18. Rd3 Bd4 19. c3 e4 20.
Qxe4+ Kf8 21. Rxd4 Qxc3 22. Rc4 Qa3 23. Rb4 a5 24. R4xb2 Qd6 25. Rb6 Re8 26.
Qxc6 Qxc6 27. Rxc6 Kg7 28. f3 Re2 29. Ra1 Ra8 30. Rc4 Re5 31. g4 Kf8 32. Kf2
Ke7 33. Kg3 h5 34. Ra3 Kf8 35. Kh4 hxg4 36. fxg4 Kg7 37. Kg3 Rae8 38. Rca4 Re3+
39. Rxe3 Rxe3+ 40. Kf2 Re5 41. Kf3 Kh6 42. h4 Rb5 43. Kg3 Rb3+ 44. Kg2 Rb2+ 45.
Kf3 Rb3+ 46. Kg2 Rb2+ 1/2-1/2

[Event "Tournoi Skype 010"]
[Site "Skype"]
[Date "????.??.??"]
[Round "7.15"]
[White "Le Brun, Yves"]
[Black "Malbec, Robert"]
[Result "1-0"]
[WhiteElo "1638"]
[BlackElo "1530"]
[PlyCount "125"]

1. Nf3 Nc6 2. g3 d5 3. Bg2 Bf5 4. b3 Qd7 5. Bb2 Nf6 6. d3 e6 7. Nbd2 Bd6 8. O-O
O-O 9. Re1 e5 10. e4 dxe4 11. Nxe4 Nxe4 12. dxe4 Bg4 13. Qd2 f6 14. Re3 Qe6 15.
a3 Rad8 16. Qd5 Qxd5 17. exd5 Ne7 18. c4 c6 19. h3 Bxf3 20. Bxf3 Bc5 21. Rd3
Rd7 22. b4 Bd4 23. Bxd4 exd4 24. Rxd4 Rfd8 25. Rad1 Kf8 26. g4 g6 27. Kg2 Nc8
28. Be4 Nd6 29. dxc6 bxc6 30. Bxc6 Rc7 31. Rxd6 Rxd6 32. Rxd6 Ke7 33. c5 g5 34.
Kg3 h6 35. f4 Kf7 36. h4 Ke7 37. h5 Kf7 38. Bd5+ Kg7 39. Rd8 Re7 40. Kf3 Re1
41. Rd7+ Kh8 42. Rf7 Rf1+ 43. Ke4 Rxf4+ 44. Ke3 a5 45. Be4 axb4 46. axb4 Rxg4
47. Rh7+ Kg8 48. Rxh6 Kg7 49. Rg6+ Kf7 50. Bd5+ Ke7 51. b5 Rg3+ 52. Ke4 Rg4+
53. Kd3 Rh4 54. h6 g4 55. Rg7+ Kf8 56. Rf7+ Ke8 57. Rxf6 Rh3+ 58. Kd4 g3 59.
Ke5 Rh5+ 60. Ke6 Rh2 61. Kd6 Rd2 62. h7 Rh2 63. Bc6+ 1-0

[Event "Tournoi Skype 010"]
[Site "Skype"]
[Date "????.??.??"]
[Round "7.16"]
[White "Bourdeau, Yvan"]
[Black "Duthoit, Bernard"]
[Result "0-1"]
[WhiteElo "1612"]
[BlackElo "1517"]
[PlyCount "124"]

1. e4 e6 2. d4 d5 3. Nc3 dxe4 4. Nxe4 Be7 5. Nf3 Nf6 6. Bd3 Nc6 7. c3 b6 8. Qc2
Bb7 9. Nxf6+ Bxf6 10. Bf4 Ne7 11. Be4 Bxe4 12. Qxe4 O-O 13. O-O Nd5 14. Bg3 c6
15. Rfd1 Rc8 16. Be5 Bxe5 17. dxe5 Qc7 18. Ng5 f5 19. Qh4 h6 20. Nxe6 Qe7 21.
Qxe7 Nxe7 22. Nxf8 Rxf8 23. Rd7 Nc8 24. Rad1 Re8 25. f4 g5 26. g3 gxf4 27. gxf4
b5 28. Rc7 Ne7 29. Rdd7 Kf7 30. Rxa7 Ke6 31. Rd6+ Kf7 32. Rxh6 Kg7 33. Rxc6 Kf7
34. Rd7 Kf8 35. Rd8 Nxc6 36. Rxe8+ Kxe8 37. Kf2 Ke7 38. Ke3 Na5 39. Kd4 Nc4 40.
b3 Nd2 41. c4 bxc4 42. bxc4 Nf3+ 43. Kd5 Nxh2 44. c5 Ng4 45. c6 Ne3+ 46. Kc5
Ng2 47. c7 Kd7 48. c8=Q+ Kxc8 49. Kd5 Nxf4+ 50. Kd4 Ne6+ 51. Ke3 f4+ 52. Kf3
Kc7 53. Kf2 Kc6 54. Kf3 Kd5 55. a4 Kxe5 56. a5 Nc7 57. Kf2 Ke4 58. Ke2 f3+ 59.
Kf2 Kf4 60. Kf1 Kg3 61. Kg1 f2+ 62. Kf1 Na6 0-1

[Event "Tournoi Skype 010"]
[Site "Skype"]
[Date "????.??.??"]
[Round "7.17"]
[White "Cossalter, Maurizio"]
[Black "Fouquereau, Andre"]
[Result "0-1"]
[WhiteElo "1422"]
[BlackElo "1587"]
[PlyCount "44"]

1. Nf3 d5 2. d4 Nf6 3. c4 c6 4. e3 e6 5. Nc3 Bd6 6. Bd3 Nbd7 7. O-O O-O 8. a3
Re8 9. c5 Bc7 10. b4 e5 11. dxe5 Nxe5 12. Nxe5 Bxe5 13. Bd2 Qc7 14. f4 Bxc3 15.
Bxc3 Ng4 16. Bd2 Qe7 17. Rf3 Bd7 18. f5 Ne5 19. f6 Nxf3+ 20. Qxf3 Qe5 21. fxg7
Qxa1+ 22. Kf2 Qxg7 0-1

[Event "Tournoi Skype 010"]
[Site "Skype"]
[Date "????.??.??"]
[Round "7.18"]
[White "Rajpurohit, Dinesh"]
[Black "Hargez, Dany"]
[Result "1-0"]
[WhiteElo "1707"]
[BlackElo "1399"]
[PlyCount "77"]

1. e4 d5 2. exd5 Qxd5 3. Nc3 Qa5 4. Nf3 Nc6 5. Bc4 e5 6. d3 Nf6 7. Bd2 Bb4 8.
O-O Bg4 9. h3 Bh5 10. a3 Bxc3 11. Bxc3 Qb6 12. Qe2 O-O-O 13. b4 Nd4 14. Bxd4
exd4 15. Qd2 Bxf3 16. gxf3 Nh5 17. Bxf7 g6 18. Rfe1 Qd6 19. b5 Nf4 20. Qb4
Nxh3+ 21. Kf1 Qf4 22. Be6+ Kb8 23. Bxh3 Qxf3 24. Bg2 Qf6 25. Qd2 h5 26. Re4 h4
27. Bh3 g5 28. Rae1 Rdg8 29. Qe2 Qd8 30. a4 a6 31. bxa6 b6 32. Re6 Ka7 33. a5
Kxa6 34. axb6 cxb6 35. Qe5 Kb7 36. Re7+ Qc7 37. Qxc7+ Ka6 38. Rb1 Rb8 39. Qa7#
1-0

[Event "Tournoi Skype 010"]
[Site "Skype"]
[Date "????.??.??"]
[Round "7.19"]
[White "Dubois, Real"]
[Black "Hague, Mark"]
[Result "1/2-1/2"]
[WhiteElo "1534"]
[BlackElo "1391"]
[PlyCount "94"]

1. d4 d5 2. e3 Nf6 3. c3 c6 4. Bd3 h6 5. Qc2 Qc7 6. Nf3 Bg4 7. Ne5 Bh5 8. Nd2
Nbd7 9. Ndf3 Bxf3 10. Nxf3 e6 11. e4 dxe4 12. Bxe4 Nxe4 13. Qxe4 Nf6 14. Qc2
Bd6 15. Be3 Bf4 16. Bd2 Bxd2+ 17. Qxd2 O-O 18. h3 Rad8 19. Qe2 Rd5 20. O-O c5
21. dxc5 Qxc5 22. Rad1 Rfd8 23. Rd4 Rxd4 24. Nxd4 Rd5 25. Nb3 Qb6 26. Qc4 Qd8
27. Re1 Rd1 28. Qe2 Rxe1+ 29. Qxe1 Qd5 30. f3 Nd7 31. Qf2 b6 32. Qd4 Qxd4+ 33.
Nxd4 Kf8 34. a4 a5 35. b4 axb4 36. cxb4 Ke7 37. a5 Kd8 38. a6 Kc7 39. b5 Nf6
40. Kf2 Nd5 41. g3 Kb8 42. Nc6+ Ka8 43. Ke2 Nc7 44. Kd3 Nxb5 45. Kc4 Nc7 46.
Nb4 Ka7 47. f4 Nxa6 1/2-1/2

[Event "Tournoi Skype 010"]
[Site "Skype"]
[Date "????.??.??"]
[Round "7.20"]
[White "L'Herbon De Lussats, Jean"]
[Black "Milanese, Serge"]
[Result "1-0"]
[WhiteElo "1509"]
[BlackElo "1399"]
[PlyCount "73"]

1. c4 d5 2. Nf3 e6 3. a3 Nd7 4. Nc3 Nb6 5. d4 Nf6 6. c5 Bd7 7. cxb6 axb6 8. Bg5
h6 9. Bxf6 Qxf6 10. e4 Bd6 11. e5 Qf4 12. exd6 Qxd6 13. Ne5 Bc6 14. Bb5 Bxb5
15. Nxb5 Qe7 16. Rc1 c6 17. Nc3 O-O 18. O-O c5 19. Nb5 Rfc8 20. b3 Ra5 21. a4
c4 22. bxc4 dxc4 23. Rxc4 Rxc4 24. Nxc4 Qb4 25. Nxb6 Ra6 26. Nd7 h5 27. h3 Rxa4
28. Qd3 Qe7 29. Ne5 f6 30. Ng6 Qd8 31. Rc1 f5 32. Ne5 Ra8 33. Qc4 Qf6 34. Nd7
Qe7 35. Nc5 Rc8 36. d5 Kf7 37. Nd4 1-0

[Event "Tournoi Skype 010"]
[Site "Skype"]
[Date "????.??.??"]
[Round "7.21"]
[White "Gharbi, Said"]
[Black "Belouin, Bruno"]
[Result "0-1"]
[WhiteElo "1387"]
[BlackElo "1490"]
[PlyCount "34"]

1. e4 Nc6 2. d4 d5 3. e5 e6 4. Bb5 f6 5. Bxc6+ bxc6 6. Nf3 Ba6 7. exf6 Nxf6 8.
Ne5 Qd6 9. Bg5 Be7 10. Bxf6 Bxf6 11. Qh5+ g6 12. Nxg6 hxg6 13. Qxg6+ Ke7 14.
Nc3 Bxd4 15. Rd1 Qe5+ 16. Kd2 Qf4+ 17. Ke1 Qxf2# 0-1

[Event "Tournoi Skype 010"]
[Site "Skype"]
[Date "????.??.??"]
[Round "7.23"]
[White "Saidi, Bhen"]
[Black "Capdeville, Jean"]
[Result "0-1"]
[WhiteElo "1465"]
[BlackElo "1360"]
[PlyCount "92"]

1. e4 e5 2. Nf3 d6 3. d4 Nd7 4. d5 Be7 5. Nc3 a6 6. Bc4 h6 7. O-O Ngf6 8. b4 b6
9. Na4 b5 10. Bxb5 axb5 11. Nc3 Ba6 12. Re1 O-O 13. Nh4 Nh7 14. Nf5 Bf6 15. Qg4
Kh8 16. a4 Rb8 17. axb5 Bxb5 18. Ra5 Bc4 19. Ba3 Ra8 20. Rxa8 Qxa8 21. Ra1 Rb8
22. Qd1 Qa6 23. b5 Bxb5 24. Bxd6 cxd6 25. Rxa6 Bxa6 26. Nxd6 Kg8 27. g3 Be7 28.
Nf5 Bf6 29. Qg4 Ng5 30. Nxh6+ gxh6 31. Qxd7 Kg7 32. Kg2 Rc8 33. Qg4 Rxc3 34. h4
Rxc2 35. hxg5 hxg5 36. Qf5 Bc8 37. Qf3 Kg6 38. Qd3 Rc7 39. f4 Bd7 40. fxe5 Bxe5
41. d6 Rc6 42. Qd5 Kf6 43. Qd3 Rxd6 44. Qf3+ Kg6 45. g4 Rd2+ 46. Kh3 Rh2# 0-1

[Event "Tournoi Skype 010"]
[Site "Skype"]
[Date "????.??.??"]
[Round "7.24"]
[White "Mordaa, Ahmad"]
[Black "Gabriele, Noel"]
[Result "0-1"]
[WhiteElo "1457"]
[BlackElo "1299"]
[PlyCount "80"]

1. Nf3 Nc6 2. c4 e5 3. Nc3 Bc5 4. g3 Nf6 5. Bg2 d6 6. d3 O-O 7. Bg5 h6 8. Bxf6
Qxf6 9. Ne4 Qg6 10. O-O Bb6 11. Rc1 Bf5 12. Nh4 Qe6 13. Nxf5 Qxf5 14. e3 Ne7
15. Qe2 c6 16. Nxd6 Qd7 17. c5 Bd8 18. Bf3 Rb8 19. Bg4 Qc7 20. f4 Ng6 21. f5
Nh8 22. d4 Be7 23. dxe5 Rbd8 24. f6 gxf6 25. exf6 Bxd6 26. cxd6 Rxd6 27. Bf5
Ng6 28. Bd3 Kh7 29. Qh5 Rxd3 30. Qe2 Rd6 31. h4 Rd5 32. Qg4 Rg8 33. h5 Nf8 34.
Qe4+ Kh8 35. Rf4 Rxh5 36. Rg4 Rhg5 37. Rxg5 Rxg5 38. Qh1 Rxg3+ 39. Kf1 Rg8 40.
Qxh6+ Nh7 0-1

[Event "Tournoi Skype 010"]
[Site "Skype"]
[Date "????.??.??"]
[Round "7.25"]
[White "Picard, Mario"]
[Black "Vincent, Andre"]
[Result "0-1"]
[WhiteElo "1250"]
[BlackElo "1426"]
[PlyCount "59"]

1. d4 d5 2. c4 e6 3. Nc3 Nf6 4. Nf3 Bd6 5. Bg5 Nbd7 6. e3 O-O 7. Bd3 c6 8. O-O
Re8 9. Qc2 Be7 10. Bxf6 Nxf6 11. Ng5 g6 12. Rfe1 a6 13. e4 dxc4 14. Bxc4 Qxd4
15. Bd3 e5 16. Nf3 Qc5 17. a3 Bg4 18. Qd1 b5 19. Ra2 Red8 20. b4 Qxc3 21. Re3
Nxe4 22. Rc2 Qxa3 23. Rxc6 Ng5 24. Qd2 Qa1+ 25. Rc1 Qa3 26. Nxg5 Bxg5 27. Rce1
Bxe3 28. Rxe3 Bf5 29. Rxe5 Bxd3 30. Re8+ 0-1

[Event "Tournoi Skype 010"]
[Site "Skype"]
[Date "????.??.??"]
[Round "7.26"]
[White "Martin, Elise"]
[Black "Belouin, Alexis"]
[Result "0-1"]
[WhiteElo "1196"]
[BlackElo "1422"]
[PlyCount "68"]

1. d4 d5 2. c4 dxc4 3. Qa4+ Nc6 4. Qxc4 Nxd4 5. e3 Nc6 6. Nf3 e6 7. Bd3 Nf6 8.
O-O Be7 9. Qc2 g6 10. Nbd2 Nb4 11. Qa4+ Bd7 12. Qb3 Bc6 13. Be2 O-O 14. h3 Ne4
15. Qc4 Nxd2 16. Bxd2 a5 17. Qf4 Bxf3 18. Bxf3 Qxd2 19. Qh6 c6 20. Rad1 Qxb2
21. Rd7 Rfe8 22. Rxb7 Qxa2 23. Rd7 a4 24. Rd4 a3 25. Rh4 Bxh4 26. Qxh4 Qb2 27.
Be4 a2 28. Kh2 a1=Q 29. Rh1 Qxh1+ 30. Kxh1 Qe5 31. f4 Qxe4 32. Qg3 Ra2 33. f5
exf5 34. Qc7 Qxg2# 0-1